T'as la ref ? - Statistiques

Statistiques générales
  • Ce quiz a été pris 311 fois
    287 depuis la dernière actualisation
  • Le résultat moyen est 62 sur 500
Statistiques - réponses
Par images Hint Réponse % Correct
AH
78%
Non
62%
OHHHHHHHH
62%
C'est qui le patron ?... C'est moi
61%
C'est quoi Tié qui ?... Mercredi Addams
58%
Encore,... Ça fait beaucoup la non
51%
La CB12
51%
Oh putain Laurent
51%
Y'a pas de panneau
50%
La mariée en bleu,... Une robe vraiment
49%
Gay
47%
67
46%
Qu'est-ce qui est jaune et qui attend ?... Jonathan
46%
J'suis pas venue ici pour souffrir, ok
45%
Coucou les musulmans,... Moi je mange la glace
44%
C'est de la poudre de... Perlimpinpin
44%
Je m'appelle Solange et je suis... Rivièreophile
43%
"Believe", croire en nos rêves
42%
Animal qui vit parmi nous ? Étranger
42%
Macron, putain... Explosion
42%
For sure
42%
Moi j'ai des connaissances en chimie que t'as pas, ok,... Frappe-moi, je t'empoisonne
42%
Moi puceau
42%
T'as les cramptés ?... Apagnan/Quoicoubeh
41%
Mais non,... Mais hasard de dingue
41%
Ah là on est bien
39%
Ça suffit monsieur, ça suffit monsieur... Inaf, Monsieur inaf
39%
Le football il a changé
39%
Qui ?!
39%
Bonjour... Ça va ?
38%
Absolute... Cinema
38%
Est-ce que tu peux tchatcher, comme moi je tchatche ?... Je roucoule, je broie la langue de Molière
38%
La mangue
38%
Oh, s'il vous plaît
38%
Allo Bassem, ouais,... Ouais c'est Greg
38%
La place de la femme,... C'est à la cuisine
37%
Ah le gâteau... Il était sec
37%
Nan la vie de ma mère on va à Quick, wesh,... J'ai envie d'un burger
37%
8 morts, 6 blessés,... Je pète ma bière, ma libellule
37%
Ça suffit, arrête !... Mais moi j'veux faire l'amour
37%
Vous aussi vous attendez l'ouverture de Fitness Park ?... Non, moi je suis coach
36%
Axelle vient manger,... Oh putain
36%
Est-ce que ta déjà léché les... Deux boules d'un mec
35%
J'adore l'eau,... Dans 20-30 ans y'en aura plus
34%
Le rapport, le rapport, le rapport,... Quel est le rapport
34%
QUE TU REVIENNES
34%
T'es qui toi ?... Je suis Pamela
33%
Comment ça pas mal les... Bzez
32%
Oh, comme... C'est bizarre
32%
Guettez le gâteau,... Fraise, framboise, myrtille
32%
J'me suis dis... Hassoul
32%
Moi tu m'parles pas d'âge
32%
OK
32%
Vous êtes pas content ?... Triplé
32%
C'est pas comme ça qu'on imagine la vie
31%
DEHORS
31%
NAN
31%
Nan mais ça m'affole ou quoi, on voit même pas l'eau ! Eh,... On est au Cambodge ou quoi là
31%
Rendez les bijoux de la couronne
31%
Mais comment vous m'avez trouvé,... Vous êtes vraiment très perspicace
31%
J'vais t'briser tes os, j'vais... Boire ton sang
30%
Bonsoir Paris
30%
J'suis pas débutante,... J'suis professionnelle
30%
C'est tout simplement... une hallucination collective
30%
Ce soir on va manger du riz
29%
Comment ça mon reuf
29%
Est-ce que c'est bon pour vous
29%
Les filles,... Je suis tombé
29%
Vous pensez ?... Moi je pense pas
29%
Euh, les gars,... Y'a le mec à Milla
29%
Il a dit t'es noir ?... Un entonnoir
28%
J'aime Maël
27%
Parce que... C'est notre projet
26%
Ah shit,... Here we go again
26%
Il pleut mais... Il pleut blanc
26%
J'adore rire
26%
Quelle est ta matière préférée à l'école ?... Le cantine
26%
Attention grenade
25%
Bah ouais... Logique
25%
Vous rêvez de faire quoi en tant que femme ? Me doigter
25%
Mojito, que se paso, Old El Paso... No no Jose
25%
Moi, moi, moi ? Mais... Qui elle est celle là
25%
Il faut sachez/Bien sûr que oui
24%
Faut pas acheter les habits qui sont fabriqués par des gosses dans les usines du Bangladesh qui s'écroulent et qui prennent feu parce que... Les coutures tiennent pas
24%
Mon sac est fait
24%
Oh la vache
24%
Tu préfères ton papa ou ta maman ?... Oulah Jean, qu'est-ce que tu racontes
24%
C'est la fashion week !... Qu'ils se mettent sur le trottoir les fashion
24%
Stop the car
24%
JEANNE ! AU SECOURS
23%
C'est mardi c'est... Bientôt le week-end
23%
Haagrah
23%
Pour un garçon ça serait History et pour une fille ça serait... History
23%
Y'a que moi qui l'a... Kayakobeme
23%
Mais il m'a dit "Mein Kampf",... Mais non, c'est Minecraft
23%
C'est quoi ma race ?... T'es sûrement pas français
23%
Toi tu vis, toi tu vis,... Toi tu crèves
23%
Le meilleur endroit pour ramener une gâtée ? ... A l'hôtel
22%
Pas mal non ?... C'est Français
22%
Un conseil,... Ferme ta gueule
22%
J'organise les niversaires,... J'organise les mariages
22%
LES PROBLÈMES
22%
Tu l'as dis t'es raciste !... Oui j'suis raciste
22%
Tu pousses le bouchon... Un peu trop loin Maurice
22%
Why, do you think that Giroud is the best french player ?... Yes, is a Giroud
22%
Allez hop,... Au dodo Annick
21%
Oh mon dieu, les gens qui parlent en français,... Ils ont tellement de charisme
21%
Lady in blue
21%
Mais t’es pas net nan ?… Mais si j'suis très net
21%
Comment tu définirais ton style ?... Mec de cité, simple
21%
Marge, est-ce que tu m'as préparé... Mon donut sucré au sucre
21%
Qu'est-ce que vous pensez de la société ?... Oulala, c'est la décadence
21%
Y'a pas wesh
21%
Ton signe astrologique, poisson, cancer, vierge ?... Mmmh, viande
20%
Tout le monde debout/Levez-Vous
20%
Est-ce qu'on va a déjà dis que vous aviez la voix d'Homer Simpson ?... Ah c'est marrant
19%
Bébé, gros bébé,... Bébé cadum
19%
Si un jour, vous vous retrouvez face à un terroriste,... Et bien méfiez vous
19%
Et ça va pété
19%
Ce jour là,... J'ai rien foutu
19%
J'vais t'étrangler
19%
Les mots sortaient en anglais... Trop relou
19%
Tu es grosse Mélissandre
19%
Attention les chaises
18%
Noël, Pâques, le Ramadan... Je m'en fous
18%
Surprise... Motherfucker
18%
Euhhhh... Nique ta mère
18%
Ouais ça doit être ça
18%
Pardon
18%
J'ai ouvert mon coeur à une meuf qui ouvre... Sa chatte dans les toilettes
18%
Il a eu... 0/20
17%
Au revoir
17%
Bisous papa,... La pute
17%
La République c'est moi
17%
Tu t'appelleras... Pause caca
17%
TAISEZ-VOUS
17%
Allô, nan mais allô quoi,... T'es une fille t'as pas de shampoing
17%
Ah bah c'est bien Nils
16%
CHEH
16%
La mer Noire
16%
Oui, j'pense que... Le plus dur c'était Van Dijk
16%
Ils sont là, dans les campagnes, dans les villes, ils sont sur... Les réseaux sociaux
16%
Comme je dis moi avec Jennifer,... Marina passe et tu t'écartes, Marina domine et tu t'inclines
16%
Papa ! C'est même pas encore coulé ! Oh... P'tit gourmand là
16%
Véronique fait un infarctus
16%
Y'a les hendeks qui arrivent
16%
Moi j'adore ça le jus d'orange,... C'est bien Eléonore on est content
15%
T'y a fais quoi sur la joue frérot ?... C'est pas d'la trotinette
15%
Pardon, moi,... J'ai pas d'amis
15%
J'ai une histoire... J'ai un background
15%
Là tu t'es fait mal
15%
Madame zizi
15%
Nardine Mouk,... Nardine Bebek
15%
Ah batard... Tu fumes
15%
Bon bah acquitté,... Ah bah il a dit wallah
14%
Ça va monsieur ?... Ah j'suis bieng
14%
En vrai la vérité, la vérité, la vraie vérité... j'men bats les couilles tu vois
14%
J'suis pas un monstre
14%
Montoya, por favor
14%
On attend la date l'heure le jour pas d'arbitre,... Octogone
14%
Vous êtes étudiant encore actuellement ? Oh non, j'ai 56 ans
14%
Bonsoir ça va bien ?... Tequila, Heineken, pas le temps de niaiser
14%
Women
14%
C'est exceptionnel comme article, 92 centimes,... J'en ai rien à foutre
13%
Mais qui êtes vous ?... J'suis Spiderman fils de pute
13%
Le respect, le respect, le respect, le respect, le respect, le respect,... On communique dans le respect
13%
La marchandise, tu l'as ?... Oui, je l'a
13%
Oups, la boulette
13%
Salut c'est Ninho
13%
Alors c'est ça ton combat
12%
Ne t'inquiète pas,... Ça va bien se passer
12%
Eddy, qui a peint la Joconde ?... Christophe Willem
12%
DEBOUT
12%
OUHHHHH... Du lait
12%
Je mange dans un kebab pakistanais, donc... J'suis vachement raciste
12%
Mais ça va pas ou quoi
12%
Mauvaise nouvelle
12%
Ça y'est... Nous y est
12%
Salut mon pote
12%
Bonjour bébé, t'as bien dormis ?.... T'as pas rêvé de moi
12%
Avec ton gros front là, EHHHHHH NON NON NON,... Tu touches à ma sensibilité
12%
Je suis fier de consommer pour la première fois,... un Burger King en France
12%
Comment t'appelle l'extrémité du pain ?... Bah j'm'appelle Fati
11%
Coca bien frais chacal
11%
Moi j'pense la question,... Elle est vite répondue
11%
RENDS MOI MES CHIPS,... Il est tombé
11%
J'apprécie à moitié
11%
C'est pas du tout le cas,... Je suis lucide
11%
Nom de Dieu,... Le canapé à grand papa
11%
Mets le sur ta cuisse,... Mais c'est quoi une cuisse
11%
Temps en temps, j'fume la beuh
11%
This is Elon Musk
11%
J'vais encore pas trouver de boulot. Pourquoi ?... Trop beau
11%
Vous êtes des enfants de bourgeois
11%
C'est nul
10%
Qui t'a embrassé ? Personne,... C'était Trevor ?
10%
Coucou Nathan
10%
Ça s'appelle comment ça ?... Des pâtes à la boconaise
10%
Énorme
10%
C'est quoi ce bruit de... Golmon
10%
Je le jure
10%
Just do It
10%
Mais vous fumez monsieur
10%
Merci aux clients fidèles
10%
NANNNNNNNNNN... MES PARENTS
10%
Pas ça Zinédine, pas ça Zinédine,... Oh non pas ça
10%
INTERNET !... Ta gueule
10%
Téma la taille du rat
10%
Un p'tit wrap
10%
Mais c'est quoi... Ce poulet
9%
C'est honteux
9%
Les calculs sont pas bons Kévin... C'est quand que tu vas me mettre des paillettes dans ma vie, Kévin
9%
Grigny la grande borne
9%
Il est lent ce lait
9%
Je ne suis pas un pijuane
9%
Je tape les gens pour vivre
9%
J'peux passer à la télé ?
9%
Wesh pélo,... J'vais te l'a faire à la hénéni
9%
Mais laisse moi dormir ya Zebi
9%
Sam, tu veux voir mon... Mym
9%
Oh pleure pas bébé, allez,... On veut tous être le meilleur dresseur
9%
Pépite de chocolat
9%
Ah c'est fermé ?... Purée
9%
Toi tu sais ce que t'es,... T'es un délinquant
9%
Tu sais très que dans le monde de la musique, ça, c'est... Tu es dans le monde de la musique toi
9%
Ta gueule,... tu es moche
9%
Tu es triste arrête
9%
Voler n'est pas bon
9%
C'est juste pour savoir quand est-ce que vous allez mettre la deuxième couche,... Aïe, coup dur pour Guillaume
8%
Est-ce que vous êtes sérieux ?... Are you serious ?
8%
Arrête Louloute
8%
Bah d'accord
8%
Bien évidemment
8%
Shit,... Bon shit sa mère
8%
C'est de l'humour Marie
8%
OUUHHOUUHHH... C'est reparti comme en 46
8%
Ce que "on est là" signifie :... Chômage, je suis au chômage
8%
Hmmm le jus d'orange
8%
Qu'est ce que je fais... Je l'dis ou je l'dis pas
8%
Le train de la Hype
8%
Lodibidon
8%
Ça me dérange pas,... Moi j'aime bien
8%
On prends la Bastille,... on fait la Révolution
8%
Une génération de... Tahane Farhane
8%
Tu es qui ?
8%
Be you, be proud of you, because you can be do... What we want to do
8%
I like the view. You do ? Yes,... You're my best view
8%
C'est Mbappé !!!... C'est moi wesh
7%
Ouais mais... C'est pas toi qui décide
7%
COMBIEN
7%
Madame la directrice... Dégât dégât
7%
Qu'est-ce qu'il pense ?... Est-ce que j'suis arrivée comme un tank
7%
Est-ce qu'on peut faire un débat parallèle
7%
Vous deviene... Fou
7%
JE SUIS UN MÂLE ALPHA
7%
Jeu d'acteur en français
7%
Mamanayo
7%
Je suis le laitier,... Mon lait est délicieux
7%
Bonjour monsieur le blanc,... Ne m'appelle plus monsieur le blanc
7%
Elle voudrait,... Que je l'appelle Habibi
7%
6 McNuggets et une grande frite. Comment ?... Suce ma quéquette, j'ai une grande bite
7%
Top 7 Favé
7%
Vous m'avez manqué
7%
Y'a d'la raclette ce soir
7%
Je suis propriétaire et je suis fonctionnaire,... Alors ta gueule
6%
Bisous je m’envole
6%
Bonsoir, non
6%
Je m'en fou, je m'en moque, je m'en balle,... Ça m'est égal
6%
Oh merde, oh... C'est con ça
6%
C'est quoi ce monde ? Est ce que le monde... Il est à l'envers ou c'est moi qui est à l'envers
6%
C'est facile à trouver, y'a un canon, moi... J'en vois deux
6%
J'vais répondre, tout de suite là ?... L'émission a commencé ?
6%
Non mais c'est pas vrai,... Mais c'est super ça
6%
Dis-moi pourquoi tu es trop moche ?... Mais pourquoi tu fermes pas ta gueule
6%
Brésil ou pas... M'en bats les couilles
6%
Quelqu'un veut ma place ou pas ?... Nan chérie, personne
6%
Nicki Minaj en vrai de vrai
6%
Oh les bâtards
6%
Oui c'est promis
6%
Pau-pau-pau-lette-lette-lette
6%
On vous a volé votre vélo monsieur ?... Pourtant je l’ai bien sécurisé avec le cadenas
6%
Sartek le dégradé Mohamed
6%
Sortez de ma chambre
6%
On s'est castagne... Sur le palier
6%
J'suis qu'un thug, j'suis qu'un thug, j'suis qu'un... Thug Life
6%
Tu veux quoi toi ?... Toi tu veux quoi
6%
Why are you running ?
6%
Affronte mon regard
5%
Avec ton habit de panthère
5%
Bande de batard, on est que 2
5%
Le rythme est bon, le tempo est bon,... Ça fait longtemps que t'es dans la musique ?
5%
C'est de toute beauté
5%
Il a fondu en larme sur le poulet, il disait... C'est quoi ce poulet
5%
C'est très délicieuse
5%
Excusez-moi... Chef
5%
Ça c'est ma fusée... Enculé d'ta mère
5%
Travaille,... Espèce de pouilleux d'esclave
5%
Il m'a dit,... Franchement c'est ça
5%
J'en sais rien,... J'ai pris n'importe quoi
5%
Je ne suis pas un homme...
5%
Ma soeur s'appelle Champomy et elle est fan de vous,... Je ne suis pas Vitaa
5%
Machtou Pichtou
5%
Mais oui, c'est clair
5%
Mais voilà mais c'était sûr enfaite
5%
Nelson filme
5%
Nuisance
5%
Que pensez vous des violences policières ?... Parce que, aujourd'hui les fruits et légumes, sont hypertensés
5%
Quentin Filsdeup
5%
C'est un outil surprise,... Qui nous servira plus tard
5%
La brioche, comment c'est bon... Sa mère la pute
5%
Qu'est-ce que tu caches,... Sous ton sourire
5%
Tiens tiens tiens
5%
Tranquille bébé wallah
5%
T'es malade,... Tu me sors ton pepper spray
5%
Coucou,... tu veux voir ma bite
5%
Vous m'le bannez
5%
Mélissa, ah quel tigné,... Ah non, c'est Jason
4%
Au nom du ciel éternel
4%
Bondy on est là
4%
Mais enfin c'est insupportable votre attitude !... Camomille
4%
Je suis chercheur, chercheur de quoi ?... D'emploi
4%
Ecoute moi bien p'tite salope
4%
Eh les gars y'a du caca
4%
Oh Eva tu peux aller mettre ça au sale,... Eva par ci, Eva par là
4%
Wah putain, heuuu,... Gros nibards
4%
Ecoute moi... Grosse truie
4%
Guillaume le Thug
4%
Il a pas tort
4%
If I'm speak... I'm in big trouble
4%
J'ai une tendinite
4%
Karim Karim, Karim... J'vais t'mettre dans la cuisinière
4%
Tu veux qu'j'te donne mon avis du coup ?... Kheba
4%
LIBERTÉÉÉÉÉÉÉÉ
4%
She's so crazy!... Love her
4%
Ils se sont calmés un peu les gens avec toi ?... Mais par rapport à quoi ?
4%
Mais tu es qui toi, Nahuda
4%
Oh pire... Mange moi le poiro
4%
Je vais te donner un surnom... Mimi Cracra
4%
Nan tu dégages
4%
J'tai laissé 15 chances,... Pourquoi tu me laisses pas une 16ème chance
4%
Quelle indignité
4%
Ahhhh, donc finalement... Qui est le plus con dans cette histoire
4%
Rémi Susceptible
4%
Premier avertissement,... Ta mère elle suce des ours
4%
Mais ça va pas Clarisse,... T'as piqué une crise
4%
Tirie
4%
Tout doux le loup
4%
Tu mens
4%
Alors là,... Virginie tu te débrouilles
4%
Vous voulez du grand spectacle,... Vous allez en avoir
4%
Vas-y gaze le... Big Show
3%
60 et 60 ça fait combien ? Ça fait 120/Ça fait 1 minute 20
3%
Je vous présente mes excuses,... Ça va Louis, pas de soucis
3%
C'est à moi que tu parles ?
3%
C'est elle
3%
C'est les émotions
3%
C'est noir, arrête
3%
On est dimanche,... Dimanche, encore
3%
Je resterai dans ma chambre en silence... Et je ferai comme si je n'existais pas
3%
Feu le
3%
ET MON COMPTE TWITTER,... Fils de pute ma lumière
3%
Reste à ta place, viens pas dans ma zone, reste dans ta zone,... Ici c'est ma zone
3%
J'aime bien
3%
Je me suis régalé
3%
Je ne contracte pas
3%
Je joue pas la p'tite star,... Je suis une star
3%
J'peux avoir ton snap ?... Je t'ai dis que j'avais un Discord
3%
Le sang de tes morts, vous allez manger,... La calotte de ses morts
3%
Les affaires sont les affaires
3%
MacBook mon coco
3%
Et vas-y calcule pas,... Mais enfaite je sais pas
3%
9 ans en équipe de France,... Non, t'es trompé
3%
Que des akhis,... Oh Akhi Potter
3%
Oh bah qui voilà je
3%
Tu sais on aurait du être quoi ? On aurait dû être siamoise
3%
Oscar aide moi
3%
Ouh oh
3%
C'est comme ça que tu travailles Nabilla ?... Oulah mais bonjour d'abord
3%
Pleure ça fait du bien
3%
0 soucis... Quelle belle journée
3%
Vu et... S'en tape
3%
Kylian il sait très bien, il est au courant,... Ta tête de noisette
3%
T'es une pute
3%
Tié en lacoste tn ?
3%
Tu es tilté boubou
3%
Monsieur, mets-toi à côté,... Tu n'es pas avec nous
3%
Tu vois ce que je veux dire
3%
Tu penses qu'on... Va te croire ?
3%
On fait après la photo ?... Wouldou
3%
Allez chez Moussa,... Y'a des pancakes
3%
Allez on s'accroche
2%
Arrête de sourire
2%
Comment se prénomme les 3 mages ? Au Galilée
2%
Bah j'men branle
2%
Jeudi 1er janvier, 15h45... Bonne année à tous mes sheguey
2%
Je n'ai jamais eu de relation sexuelle avec un homme,... Cependant
2%
C'est des jaloux de mon fils
2%
Quelle est la capitale de Paris ?... C'est la Tour Eiffel
2%
T'es moche comme un pou et tu m'traites de tapette,... C'est pas possible ça
2%
Des casseroles sur le mur,... Des vélos en l'air
2%
Nous... Dormissons
2%
Eh Marine
2%
Elle veut, elle veut
2%
La vraie question, c'est... Est-ce que eux ils ont autant faim que moi ?
2%
Je te gnok même,... Est-ce que tu me gnogni ?
2%
Ewwww brother
2%
Pourquoi tu travailles pas ?... Feignant
2%
Y m’ont dit t’es où ? Dans un magasin de basket ? Je leurs est dit non , chui dans mon dressing AHHHH... Gnagnagna
2%
Quel code ? Guignolo va
2%
Hier on a eu un délire, moi et toute la house
2%
Eh gros, réveille toi,... Ici, c'est les cités de France narvalo
2%
OHHHHH,... J'ai le droit de vivre un peu
2%
Je suis choqué
2%
C'est pas noir,... Je suis mulâtre indienne
2%
J'les ai éteint
2%
Checker moi ça,... La rafale
2%
Vous savez c'est... Le mot de Richelieu
2%
Mais c'est de la merde
2%
Il a dit c'est ça du charbon,... Mais le charbon de la chicha
2%
Je viens de croiser un menteur là carrément je... m'assoie tellement c'est trop
2%
Commence à... Me parler poliment
2%
Ne nous mangez pas
2%
Je mets pas mon masque,... Oh la rue
2%
Oui j'ai fait la "pute"
2%
Par exemple
2%
Ça y'est ? Oui. Bien arrivé ? Oui... Pause clope ?
2%
Pas vrai, pas vrai, mensonge... Perroquet
2%
Peurkesette
2%
Pourquoi !,... Pourquoi être aussi corrompu
2%
Bien sûr, Mister V... Qui fait le bougnoule
2%
Qui le connaît
2%
Migos pour moi c'est pas le meilleure rappeur. T'es pas au courant... Qu'ils sont trois dans Migos ?
2%
Regarde bien
2%
En Versace... T'aime trop le luxe
2%
Enculé, Tapette, PD... Tarlouze
2%
Tention à pas... T'couper ton sein
2%
T'es arabe ?
2%
N'oubliez jamais les frères,... Toujours kawainé, toujours cute
2%
Tous ceux qui sont fous, venez
2%
Trahison Max
2%
Tu commences pas à me choper par le colback
2%
L'autre il a sortit un couteau, sale grosse pute va,... Tu crois on fait de la drill ici ou quoi
2%
Allez viens
1%
Alors la Tiktokerie
1%
Maes, on t'écoute pour la punchline,... A quoi sert ton million si tu prends perpet
1%
DESCENDS ! DESCENDS... Arrête de crier
1%
Wesh y'a quoi là ? Attends vite fait y'a heja
1%
Ah c'est marrant ça, on rigole bien,... Bah nan, bah nan on rigole pas enfaite
1%
Ben si
1%
Ptdr t'es qui toi,... Ça doit baiser c'est tout
1%
J'ai toujours l'impression d'avoir le même mec qui change jamais rien,... Ça fait clochard
1%
Mais moi à 12 minutes, ça fait longtemps qu'j'suis plus là, ahhh oui... Ça fait un moment que j'ai allumé la clope
1%
Ce lycée est extraordinaire
1%
C'est à quelle heure le futulu ?
1%
C'est Jésus/J'appelle Jésus
1%
C'est pas notre pays ici, ils rigolent pas ici,... C'est la dictature
1%
Mais si on se voit, c'est pour une seule chose,... C'est pour que j'te remplisse
1%
Mais tonton tu fais quoi ?... C'est quoi ce jus là
1%
C'est quoi le délire
1%
La chicha elle est à 1€,... C'est seulement au 89
1%
C'est peut-être un charo, mais... C'est un gars vrai
1%
T'as un comportement de... Clocharda jalousa
1%
Coïncidence, ma chérie
1%
ta pas honte,... D'avoir un wiko
1%
Comment était ta journée ?... Elle était comme ça :
1%
C'est quoi un classique burger ?... Enfaite un classique burger, c'est comme un burger mais un classique burger enfaite
1%
Un regular, coupe... Extra gelar
1%
Fais la moula
1%
Fais ton travail
1%
Gros dégueulasse
1%
Il a inventé sa propre histoire
1%
J'attends monsieur le préfet
1%
Je ne comprends pas
1%
Vous êtes le patron d'ici, du quartier ? Je suis l'adjointe du maire
1%
Je vous demande de vous arrêter
1%
Quand même,... J'veux bien qu'on soit ouvert, mais
1%
Si de ton côte le feu s'est éteint,... La moindre des choses c'était de m'informer
1%
L'époque de nos grands frères
1%
Va falloir investir dans... L'huile ma Moula
1%
Parce que vous vous êtes plus des hommes,... Mais allez ferme ta gueule
1%
Mais dis les termes
1%
Notre thème de ce matin, c'est... Occupe toi de tes oignons
1%
On se fait la gueule
1%
J'ai très soif,... Où est mon champagne
1%
Carrément j'ai fais du handball, juste... Pour pas faire comme les autres
1%
Quelle humiliation
1%
T'es yomb ou t'es pas yomb ? Si je suis yomb
1%
T'a fini ta question ?
1%
Posé au parc du Luxembourg Ta gueule, conasse va
1%
T'es con toi
1%
Exactement, ouais ouais ouais,... Toi t'es bien renseigné
1%
Tu arrêtes de prendre le vidéo
1%
Eh la pouffiasse,... Tu as créé quelque chose de mauvais
1%
On a Fifa 18,... Tu crois j'vais me laver
1%
Bon,... Tu peux t'asseoir
1%
La rue, la vraie, que d'la fumée ya ya,... Tu vois c'est pour ça que ta pas de meuf
1%
Parce que c'est l'horaire d'aller dormir, remarque... Une fois j'm'étais couché vers 00h10
1%
Une odeur
1%
T'as fais quoi comme coupe de cheveux ?... Un gradendé
1%
Tais-toi petite pétasse
0%
Aucun quiz correspondant
Distribution des résultats
% des personnes avec chaque résultat
Percentile par nombre de réponses
Votre historique - résultats
Vous n’avez pas pris ce quiz depuis la dernière actualisation